[Event "Klubbmesterskapet 2015 (B)"]
[Site "Ås, Akershus NOR"]
[Date "2015.02.22"]
[Round "4"]
[White "Rønbeck, Bjørn"]
[Black "Simonsen, Steinar"]
[Result "0-1"]
[WhiteElo "1158"]
[BlackElo "1300"]
[Annotator "Furnes, Torstein"]
[PlyCount "120"]
[EventDate "2015.01.15"]

1. b3 e5 2. Bb2 Nc6 3. d4 d6 4. d5 Nce7 5. c4 Nf6 6. h3 g6 7. Nf3 Bg7 8. Nbd2
O-O 9. Ng5 h6 10. Nge4 Bf5 11. Nxf6+ Bxf6 12. g4 Bd7 13. Ne4 Bh4 14. Qd2 Kh7
15. Bc1 Ng8 16. g5 f6 17. gxh6 f5 18. Ng5+ Bxg5 19. Qxg5 Qxg5 20. Bxg5 Nxh6 21.
Bxh6 Kxh6 22. O-O-O a5 23. Kb2 b5 24. Rc1 bxc4 25. Rxc4 Rfc8 26. a4 c6 27. dxc6
Bxc6 28. Rg1 Rab8 29. Rc3 f4 30. e3 fxe3 31. Rxe3 Bxa4 32. Reg3 Be8 33. Bd3 Bf7
34. Bxg6 Rc7 35. Ka3 Rg8 36. Bxf7 Rxg3 37. fxg3 Rxf7 38. Rd1 Rd7 39. Ka4 d5 40.
Kxa5 d4 41. Kb5 e4 42. Kc4 d3 43. Kc3 Kg5 44. Kd2 Kf5 45. Ke3 Ke5 46. Rf1 d2
47. Rd1 Rd3+ 48. Ke2 Rxb3 49. Kxd2 Rxg3 {Dermed er vi over i et 6-brikkers
sluttspill. Nalimov sluttspilldatabase sier at stillingen på brettet er remis.}
50. Rh1 {Dette logiske trekket taper, ifølge Nalimov. I denne stillingen hadde
hvit 9 forskjellige trekk som ville holdt remis, mens de tre tapstrekkene er
Kc1, Th1 og Tg1.} Kd4 51. Rh2 Ra3 52. Kc1 e3 53. Re2 Kd3 54. Rg2 Ra1+ 55. Kb2
Rh1 56. Rg3 Kd2 57. Rg8 Rxh3 58. Rd8+ Ke1 59. Kc2 Rh2+ 60. Kd3 Rd2+ 0-1

[Event "Klubbmesterskapet 2015 (C)"]
[Site "Ås, Akershus NOR"]
[Date "2015.02.12"]
[Round "4"]
[White "Samset, Jon"]
[Black "Heien, Aksel"]
[Result "1-0"]
[WhiteElo "1150"]
[BlackElo "893"]
[Annotator "Lea,Per"]
[PlyCount "69"]
[EventDate "2015.01.15"]

1. c4 Nf6 2. Nc3 e5 3. e4 Bc5 4. d3 c6 5. Bg5 Bxf2+ $2 6. Kxf2 Qb6+ 7. Ke1 Qxb2
8. Qb3 $4 Qxa1+ 9. Nb1 Qd4 10. Nf3 Qd6 11. Nbd2 h6 12. Bh4 Na6 13. Bg3 Qb4 14.
Qc2 d6 15. d4 exd4 16. Nxd4 d5 17. exd5 cxd5 18. Bd3 Nc5 19. h3 Nxd3+ 20. Qxd3
Ne4 21. Bf4 Nxd2 22. Bxd2 Qxc4 23. Qe3+ Kf8 24. Rf1 Qa6 25. Bb4+ Kg8 26. Qe8+
Kh7 27. Bf8 Rg8 (27... Qd3 {Truer med å vinne springeren, samt å bytte
dronninger} 28. Qa4 (28. Rf4 Qg3+ 29. Rf2 Qc3+ 30. Rd2 Qc1+ 31. Rd1 Qxd1+ 32.
Kxd1 Bg4+ 33. hxg4 Rxe8) 28... Rxf8 29. Kf2 Bd7 {Svart vinner i omtrent alle
varianter...}) 28. Rxf7 Qa5+ 29. Kf1 Qxa2 30. Nf3 Qc4+ 31. Kg1 Qe4 32. Ne5 Qe1+
(32... Bxh3 $3 {Truer matt og dronning!}) 33. Kh2 Qe4 $4 {Snur seier til et
surt tap...} 34. Qe7 Rxf8 35. Rxg7+ 1-0

[Event "Klubbmesterskapet 2015 (C)"]
[Site "Ås, Akershus NOR"]
[Date "2015.02.05"]
[Round "4"]
[White "Thorvaldsen, Thomas"]
[Black "Lange, Magnus Øyvind"]
[Result "1-0"]
[WhiteElo "1006"]
[BlackElo "812"]
[PlyCount "57"]
[EventDate "2015.01.15"]

1. e4 e5 2. Nf3 Nc6 3. Bb5 Nf6 4. O-O d6 5. d3 Bg4 6. Nbd2 Be7 7. h3 Bh5 8. Re1
O-O 9. Bxc6 bxc6 10. Nf1 d5 11. exd5 Qxd5 12. Ne3 Qc5 13. Nf5 Bd6 14. Ng3 Bxf3
15. Qxf3 h6 16. Bxh6 Rfe8 17. Rac1 Re6 18. Nf5 $2 (18. Bd2 $1) 18... gxh6 19.
Qg3+ Kf8 20. Qg7+ Ke8 21. Qh8+ Bf8 22. Ng7+ Ke7 23. Nxe6 Kxe6 24. Re3 Re8 25.
Rf3 Qe7 26. Re1 Rd8 27. Rfe3 Qd6 28. Rf3 Ke7 29. Rxf6 $1 1-0

[Event "Klubbmesterskapet 2015 (A)"]
[Site "Ås, Akershus NOR"]
[Date "2015.02.26"]
[Round "5"]
[White "Furnes, Torstein"]
[Black "Holm, Bjarne"]
[Result "1/2-1/2"]
[WhiteElo "1681"]
[BlackElo "1547"]
[Annotator "Furnes, Torstein"]
[PlyCount "77"]
[EventDate "2015.01.15"]

1. d4 Nf6 2. c4 g6 3. Nc3 Bg7 4. e4 d6 5. Nf3 O-O 6. Be2 Nbd7 7. O-O h6 8. b4 {
Dette trekket er bare spilt en gang tidligere hos chesslive.de. Det vanligste
trekket er Le3, som er spilt 13 ganger.} e5 9. dxe5 Nxe5 10. Nxe5 dxe5 11. Be3
b6 12. Qc1 Kh7 13. Rd1 Qe7 14. c5 Bb7 15. Nd5 $2 {Dette springertrekket er en
feil som utgjør et vendepunkt i partiet, ifølge Fritz. Svart får nå motspill
med e- og f-bonden, og svartfeltløperen blir sterk. Hvit får en svak bonde på
d5.} (15. f3) 15... Nxd5 16. exd5 Rad8 17. c6 Bc8 18. Qc4 f5 19. Rac1 f4 20.
Bd2 e4 21. f3 e3 22. Bc3 Qg5 23. Bxg7 Kxg7 24. Rd4 Rd6 25. Rcd1 h5 26. Bf1 h4
27. Kh1 Qf6 28. b5 g5 29. h3 Bf5 30. Bd3 Re8 31. Kg1 Qe5 32. Be2 Red8 33. a4
Bg6 34. Qb3 Bf7 35. Re4 Qf6 36. Bc4 Bg6 37. Red4 Qe5 38. Kf1 Re8 39. Ke2 ({
Stillingen er tilsynelatende fastlåst, men Fritz 11 påviser en interessant
gjennombruddsmulighet for svart:} 39. Ke2 g4 $1 40. hxg4 (40. Qc3 {er kanskje
bedre enn å ta imot bondeofferet, ifølge Fritz.}) 40... h3 $1 41. gxh3 Rh8 42.
Bd3 $1 {(Eneste mulighet. Alle andre trekk gir svart fordel på ca. -7 eller
mer)} Qxd4 43. Bxg6 Qe5 44. Be4 Rxh3 $19) 1/2-1/2

[Event "Klubbmesterskapet 2015 (A)"]
[Site "Ås, Akershus NOR"]
[Date "2015.03.12"]
[Round "5"]
[White "Kielland-Lund, Jon"]
[Black "Brenden, Torbjørn"]
[Result "1-0"]
[WhiteElo "1547"]
[BlackElo "1413"]
[Annotator "Kielland-Lund,Jon"]
[PlyCount "91"]
[EventDate "2015.01.15"]

1. c4 e5 2. Nc3 Nc6 3. Nf3 Bc5 4. e3 Nf6 5. d4 exd4 6. exd4 Qe7+ 7. Be2 Bb4 8.
O-O Bxc3 9. bxc3 {I følge Critter har hvit allerede en fordel på 0.8.} O-O 10.
Bg5 h6 11. Bh4 g5 {?!} 12. Bg3 {?! Jeg tok ikke sjansen på å knipe bøndene.} d5
13. Re1 Qd8 {Bedre var Se4} 14. Ne5 Ne7 15. f3 {?! Unødvendig forsiktig, Ld3
er best} Nh5 16. Bf2 f6 17. Ng4 Kg7 18. g3 f5 19. Ne5 f4 20. g4 Nf6 21. Qc2 {
Hvit øker stadigfordelen sin.} Nfg8 22. Kg2 Rf6 23. h4 b6 {? Svart kunne
forsøkt Le6.} 24. hxg5 hxg5 25. Rh1 Ng6 26. Rae1 N8e7 27. Bd3 Be6 28. cxd5 Bxd5
29. Rh5 Qd6 30. Rxg5 Rh8 31. c4 Bf7 32. Rh1 {? I gryende tidsnød. En avvikling
gir stor fordel.} Rxh1 33. Kxh1 Kf8 34. Nxf7 Kxf7 35. Kg2 Nc6 36. Rd5 {Begge
overser c5! fulgt av Lxg6.} Qe7 37. Qd2 Nb4 38. Bxg6+ Kxg6 39. Re5 Qf8 40. Bh4
Rf7 41. Qe2 Qc8 {Critter sier matt i7, men jeg velger å deplasere hesten først.
} 42. a3 Na6 43. Rg5+ Kh7 44. Qe4+ Kh8 45. Qe5+ Kh7 46. Rh5+ {Og svart har
fått nok.} 1-0

[Event "Klubbmesterskapet 2015 (A)"]
[Site "Ås, Akershus NOR"]
[Date "2015.02.26"]
[Round "5"]
[White "Taranger, Rune"]
[Black "Thowsen, Alf Geir"]
[Result "1/2-1/2"]
[WhiteElo "1572"]
[BlackElo "1224"]
[PlyCount "112"]
[EventDate "2015.01.15"]

1. d4 Nf6 2. Nf3 g6 3. c4 Bg7 4. Nc3 e6 5. e4 d6 6. Be2 O-O 7. O-O c5 8. h3 b6
9. d5 e5 10. Be3 Bd7 11. Qd2 Ne8 12. Bh6 f5 13. Bxg7 Kxg7 14. a3 fxe4 15. Nxe4
Bf5 16. Ng3 Bd7 17. h4 Rxf3 18. Bxf3 Qxh4 19. Ne4 Bf5 20. g3 Qe7 21. Kg2 Nd7
22. Rh1 Ndf6 23. Qh6+ Kg8 24. Ng5 Qg7 25. Qxg7+ Kxg7 26. Rh6 Nc7 27. Rah1 Rh8
28. Be2 a6 29. b4 Nh5 30. Bxh5 Kxh6 31. Nf7+ Kg7 32. Nxh8 gxh5 33. Rxh5 Bd3 34.
Rh4 Kxh8 35. Kf3 Bg6 36. Ke3 Kg7 37. f3 Ne8 38. Rh2 Nf6 39. Rh4 b5 40. bxc5
bxc4 41. Rxc4 Nxd5+ 42. Kd2 dxc5 43. Rxc5 Bf7 44. Rc6 Bh5 45. g4 Be8 46. Rxa6
h5 47. Re6 Bf7 48. Rxe5 h4 49. Ke1 Nf4 50. Kf1 Bc4+ 51. Kg1 Ne2+ 52. Rxe2 Bxe2
53. Kf2 h3 54. Kg3 Bf1 55. a4 Be2 56. Kxh3 Bxf3 1/2-1/2

[Event "Klubbmesterskapet 2015 (A)"]
[Site "Ås, Akershus NOR"]
[Date "2015.02.26"]
[Round "5"]
[White "Moberg, Jan Rune"]
[Black "Lea, Per"]
[Result "0-1"]
[WhiteElo "1516"]
[BlackElo "1598"]
[Annotator "Lea, Per"]
[PlyCount "70"]
[EventDate "2015.01.15"]

1. Nf3 Nf6 2. c4 c5 3. Nc3 Nc6 4. g3 g6 5. Bg2 Bg7 6. O-O O-O 7. d3 d6 8. a3
Rb8 9. Bg5 h6 10. Bd2 Bd7 11. Nd5 Kh7 12. h3 b5 13. Bc3 e6 14. Nxf6+ Bxf6 15.
Qd2 a6 16. Rac1 b4 17. axb4 cxb4 18. Bxf6 Qxf6 19. d4 Rfc8 20. Qd3 a5 21. e4
Qe7 22. g4 Na7 23. Rfe1 Kg7 24. Re3 Bb5 25. b3 Ba6 26. Qd2 Qd7 27. Qb2 a4 28.
bxa4 Rxc4 29. Bf1 $2 (29. Rxc4 Bxc4 30. d5+ Kg8 (30... e5 $4 31. Nxe5 dxe5 32.
Qxe5+ Kh7 33. Qxb8 $18) 31. Nd2 $18) 29... Rxc1 30. Qxc1 Bxf1 31. Kxf1 Qxa4 32.
Qb2 b3 $2 (32... Qb5+ 33. Kg2 Kg8 $19) 33. Nd2 $2 (33. d5+ e5 34. Nxe5 Qa2 35.
Nc4+ Kg8 $11) 33... Qa2 34. Qxa2 bxa2 35. Ra3 Rb1+ 0-1

[Event "Klubbmesterskapet 2015 (A)"]
[Site "Ås, Akershus NOR"]
[Date "2015.02.26"]
[Round "5"]
[White "Lange, Holger"]
[Black "Støle, Andreas"]
[Result "0-1"]
[WhiteElo "1587"]
[BlackElo "1498"]
[Annotator "Holger Lange & Andreas Støle"]
[PlyCount "116"]
[EventDate "2015.01.15"]

1. e4 c5 2. Nf3 g6 3. d4 cxd4 4. Nxd4 Bg7 5. c3 Nc6 6. Be3 Nf6 7. Bd3 O-O 8.
O-O d5 9. Nxc6 bxc6 10. exd5 cxd5 11. Bd4 Qc7 12. Be2 Rb8 13. Qc1 e5 14. Be3
Ng4 15. Bd2 Qb6 16. b3 d4 17. h3 Nf6 18. Na3 Ne4 19. Nc4 Qd8 20. Rd1 Bf5 (20...
Qh4 21. Be1 Nxc3 22. Bxc3 dxc3 23. Qxc3 e4 {(AS)}) 21. cxd4 exd4 22. Bf4 Rc8 {
Stillingen er kritisk for hvit særlig på grunn av fribonden på d4 (HL)} 23. Bh6
{fører til en tapt stilling. Her var tidsnød ikke uvesentlig (4,5 min til
trekk 40) (HL)} (23. Bf3 Re8 24. Bxe4 Rxe4 25. Bg5 {gir fortsatt remissjanser 
(HL)}) 23... Qh4 (23... Nc3 24. Bf1 (24. Re1 Re8 25. Bxg7 Nxe2+ 26. Rxe2 Rxe2
27. Bh6 Qh4) 24... Nxd1 25. Bxg7 Kxg7 {(AS)}) 24. Bxg7 Qxf2+ 25. Kh2 Kxg7 26.
Bf3 Qg3+ 27. Kg1 Rfd8 28. Qb2 Ng5 29. Bb7 Nxh3+ 30. Kf1 Qf4+ (30... Qh2 $1 {
Wins} 31. Ke1 Re8+ 32. Kd2 Qf4+ 33. Ne3 Qxe3# {(AS)}) 31. Bf3 Ng5 32. Qd2 Qh4
33. Qf2 Qh1+ 34. Qg1 Qh4 35. Qf2 Nxf3 36. gxf3 Qh1+ 37. Ke2 Re8+ 38. Kd2 Qh6+
39. f4 d3 $2 (39... Qh3 $1 {With the threat of Qd3 or Qc3} 40. Re1 Qc3+ 41. Kd1
Rxe1+ 42. Qxe1 Qc2# {(AS)}) 40. Re1 (40. Rh1 Re2+ 41. Qxe2 dxe2 42. Rxh6 Kxh6
43. Kxe2 {(AS)}) 40... Kg8 {And Black reaches the time control with 7 seconds
left (AS)} 41. Rac1 Qf8 42. Qd4 Qb4+ 43. Qc3 Qxc3+ 44. Kxc3 Rxe1 45. Rxe1 Rc6
46. Kd2 h5 47. Ne3 Be4 48. Nc4 f5 49. Ke3 Kg7 50. Rd1 h4 51. Rd2 Kh6 52. Rh2
Kh5 53. Nd2 Rc2 54. Rf2 h3 55. Nf1 Kh4 56. Rh2 Rxh2 57. Nxh2 Kg3 58. Nf1+ Kg2 {
Svart hadde 2:30 min igjen på klokka, det er nok for å sette matt i en så
klart vunnet stilling. Hvit ga opp. (HL)} 0-1

[Event "Klubbmesterskapet 2015 (B)"]
[Site "Ås, Akershus NOR"]
[Date "2015.02.26"]
[Round "5"]
[White "Naasen, Nils"]
[Black "Svebestad, Erlend"]
[Result "1-0"]
[WhiteElo "1239"]
[BlackElo "1360"]
[PlyCount "107"]
[EventDate "2015.01.15"]

1. e4 c6 2. d4 d5 3. Nc3 e6 4. Nf3 Nd7 5. exd5 exd5 6. Bd3 Ngf6 7. O-O Be7 8.
b3 O-O 9. Bb2 Re8 10. Ne2 Bd6 11. Ng3 Nf8 12. c4 Ng6 13. Qc2 Nf4 14. Rae1 Nxd3
15. Qxd3 Bd7 16. Rxe8+ Qxe8 17. Re1 Qf8 18. c5 Bc7 19. h3 Re8 20. Rxe8 Qxe8 21.
Ne5 Be6 22. f4 Nd7 23. f5 Nxe5 24. dxe5 Bd7 25. Qc3 f6 26. e6 Bc8 27. Qe3 Bd8
28. Ne2 g5 29. g4 b6 30. b4 bxc5 31. bxc5 Be7 32. Bd4 Ba6 33. Ng3 Qb8 34. Kg2
Bc4 35. a3 Qb3 36. Qxb3 Bxb3 37. Nh5 Kf8 38. Nxf6 Bxf6 39. Bxf6 h6 40. Kg3 Bc4
41. h4 Be2 42. hxg5 hxg5 43. Bxg5 d4 44. Kh4 Bf3 45. Bd2 Ke7 46. g5 Be4 47. Kg4
Bd5 48. Kf4 d3 49. Ke5 Bf3 50. f6+ Kf8 51. Kd6 Bd5 52. e7+ Ke8 53. Kc7 a5 54.
Bxa5 1-0

[Event "Klubbmesterskapet 2015 (B)"]
[Site "Ås, Akershus NOR"]
[Date "2015.02.26"]
[Round "5"]
[White "Ruud, Kjetil"]
[Black "Garmark, Vegard"]
[Result "0-1"]
[WhiteElo "1301"]
[BlackElo "1219"]
[PlyCount "68"]
[EventDate "2015.01.15"]

1. e4 e5 2. f4 exf4 3. Nf3 g5 4. Bc4 Bg7 5. h4 h6 6. hxg5 hxg5 7. Rxh8 Bxh8 8.
d4 g4 9. Ne5 Bxe5 10. Qxg4 Nf6 11. Qf5 d6 12. Qg5 Bxd4 13. Qxf4 Be6 14. Bd3 Be5
15. Qh6 Qe7 16. Nc3 Qf8 17. Qh4 Qg7 18. Bg5 Nbd7 19. O-O-O O-O-O 20. Be3 Rh8
21. Qe1 Bg3 22. Qd2 Nc5 23. Nd5 Nxd5 24. exd5 Bxd5 25. Bb5 c6 26. Be2 Be5 27.
c4 Bxb2+ 28. Kc2 Be4+ 29. Bd3 Bxd3+ 30. Qxd3 Nxd3 31. Rxd3 Qxg2+ 32. Rd2 Qxd2+
33. Kxd2 Be5 34. Bxa7 c5 0-1

[Event "Klubbmesterskapet 2015 (B)"]
[Site "Ås, Akershus NOR"]
[Date "2015.02.26"]
[Round "5"]
[White "Fuglseth, Jan"]
[Black "Stensland, Martin"]
[Result "1-0"]
[WhiteElo "1404"]
[BlackElo "1174"]
[PlyCount "75"]
[EventDate "2015.01.15"]

1. c4 e6 2. Nc3 Nf6 3. Nf3 h6 4. g3 c6 5. Bg2 Be7 6. d4 O-O 7. e4 d6 8. O-O
Nbd7 9. Re1 e5 10. Qc2 exd4 11. Nxd4 Nc5 12. Bf4 Ne8 13. Rad1 Bg5 14. Bxg5 Qxg5
15. b4 Ne6 16. Nf5 Qd8 17. e5 Qb6 18. exd6 Bd7 19. Qb2 c5 20. Nd5 Qd8 21. b5
Rb8 22. Re4 f6 23. Qe2 Nd4 24. Nde7+ Kh7 25. Nxd4 cxd4 26. Rexd4 f5 27. Qh5 Nf6
28. Qg6+ Kh8 29. Nxf5 Bxf5 30. Qxf5 Nd7 31. Qe6 Re8 32. Qg6 Rf8 33. Be4 Nf6 34.
Bc2 Qb6 35. Rf4 Kg8 36. Bb3 Qc5 37. Rf5 Nd5 38. Rdxd5 {Svart tapte på tid} 1-0

[Event "Klubbmesterskapet 2015 (B)"]
[Site "Follo, Akershus NOR"]
[Date "2015.02.23"]
[Round "5"]
[White "Olsen, Trygve"]
[Black "Rønbeck, Bjørn"]
[Result "1-0"]
[WhiteElo "1240"]
[BlackElo "1158"]
[PlyCount "38"]
[EventDate "2015.01.15"]

1. f4 b6 2. Nf3 Ba6 3. d4 e6 4. e3 Bxf1 5. Rxf1 Nf6 6. Kf2 Ne4+ 7. Kg1 d5 8.
Nbd2 Nf6 9. Ne5 Bd6 10. Ndf3 h6 11. c4 O-O 12. b3 Re8 13. Nh4 Nfd7 14. Qh5 Nxe5
15. fxe5 Be7 16. Qxf7+ Kh7 17. Qg6+ Kg8 18. Qxe6+ Kh7 19. Qg6+ Kg8 1-0

[Event "Klubbmesterskapet 2015 (B)"]
[Site "Ås, Akershus NOR"]
[Date "2015.03.17"]
[Round "5"]
[White "Simonsen, Steinar"]
[Black "Bø, Martin"]
[Result "1/2-1/2"]
[WhiteElo "1300"]
[BlackElo "1174"]
[Annotator "Bø, Martin"]
[PlyCount "83"]
[EventDate "2015.01.15"]

1. e4 c6 2. Nf3 d5 3. exd5 cxd5 4. d4 Nc6 5. Nc3 Bf5 6. Bb5 e6 7. Ne5 Qc7 8.
Nxc6 bxc6 9. Ba4 Bd6 10. Qe2 a6 $4 {Tillater Sxd4, og gir fordelen til hvit.
Før a6 har sort en klar fordel med -0,8. Klart bedre sentrum og mer aktive
brikker} (10... Nf6 {Beskytter d5, og er et naturlig felt for springeren. Gir
sort en fordel på 0,87}) 11. Nxd5 Qa5+ 12. Nc3 Ne7 13. Bd2 Bb4 14. Qc4 Rc8 15.
a3 Bxc3 16. Bxc3 Qb6 17. O-O Nd5 18. Bb4 Nxb4 19. axb4 O-O 20. c3 Be4 {Spiller
på feil plan. Løperen står bra på f5, og kommer fort i trøbbel på d5} (20... a5
21. bxa5 Qxa5 22. Bc2 Qb6 23. Ra6 Qxb2 24. Bxf5 exf5) 21. Rfe1 Bd5 22. Qd3 c5 {
Et trekk som man helst ikke vil spille, men for å beholde løperen, måtte jeg
få et lufterom ettersom c4 ser farlig ut. I følge fritz er det ikke så farlig,
og går heller for varianten under} (22... g6 23. c4 Qxb4 24. cxd5 cxd5 25. Qe3)
23. Bc2 g6 24. Rxa6 Qb7 25. f3 $4 (25. bxc5 Bxg2 26. Rb6 Qa8 27. Qa6 Bf3 28.
Qxa8 Rxa8 {+3 i favør hvit}) 25... c4 {Hvit har hatt en komfortabel stilling
stort sett hele partiet, men gir nå fra seg overtaket, og står klart dårligst.
-3,55} 26. Qe3 Qxa6 27. h4 {Steinar går rett i angrep, ettersom han materialt
sett står 3 poeng under} Qd6 28. h5 f5 29. Qg5 Qd8 30. Qg3 Qf6 31. hxg6 hxg6
32. Kf2 Kf7 33. Ra1 Ra8 34. Rh1 Rh8 35. Rxh8 Qxh8 36. Qc7+ Kg8 37. b5 Ra2 $4 {
Nesten alle trekk vinner for sort, utenom dette. Ser ved første øyekast veldig
bra ut, i og med at b2 bonden ikke kan beskyttes og at løperen på c2 blir
bundet til kongen. Desverre åpner dette for trekkgjentakelse} (37... Qh4+ 38.
Qg3 Qxg3+ 39. Kxg3 Ra2 {-11 og klar vunnet for sort. Ta2 kom for tidlig}) 38.
Qd8+ Kh7 39. Qh4+ Kg8 40. Qd8+ Kh7 (40... Kf7 41. Qxh8 Rxb2 42. Qh7+ Kf6 43.
Ke3 Rxc2 {+4,5. Kunne spilt videre med denne varianten, men hvit står klart
til vinst og tar heller remis}) 41. Qh4+ Kg8 42. Qd8+ 1/2-1/2

[Event "Klubbmesterskapet 2015 (C)"]
[Site "Ås, Akershus NOR"]
[Date "2015.02.05"]
[Round "5"]
[White "Heien, Aksel"]
[Black "Sandvik, Sander"]
[Result "1-0"]
[WhiteElo "893"]
[BlackElo "860"]
[PlyCount "61"]
[EventDate "2015.01.15"]

1. d4 f5 2. Nc3 Nf6 3. Nf3 g6 4. Bf4 Bg7 5. e3 O-O 6. Bc4+ e6 7. O-O d5 8. Bb3
Nbd7 9. Qd3 c5 10. dxc5 Nxc5 11. Qb5 Nce4 12. Nxe4 Nxe4 13. Be5 Bxe5 14. Nxe5
Qf6 15. Nd3 Rd8 16. Rad1 Bd7 17. Qxb7 a5 18. a3 Qe7 19. Ba4 Qd6 20. Bxd7 Qxd7
21. Qxd7 Rxd7 22. Ne5 Rc7 23. f3 Nf6 24. c3 Rb8 25. Rb1 Kf8 26. Rfc1 Ke7 27. f4
Ne4 28. Nf3 Kd6 29. h3 Kc5 30. b4+ Kc4 31. Ne5+ 1-0

[Event "Klubbmesterskapet 2015 (C)"]
[Site "Ås, Akershus NOR"]
[Date "2015.02.26"]
[Round "5"]
[White "Thorvaldsen, Thomas"]
[Black "Aalmo, Alexander"]
[Result "0-1"]
[WhiteElo "1006"]
[BlackElo "1147"]
[PlyCount "84"]
[EventDate "2015.01.15"]

1. e4 c6 2. Nf3 d5 3. Nc3 dxe4 4. Nxe4 Nf6 5. Ng3 e6 6. Be2 Bd6 7. d4 Bxg3 8.
hxg3 Qa5+ 9. Qd2 Qc7 10. Qf4 Qa5+ 11. Bd2 Qb6 12. O-O-O Nbd7 13. Qd6 Ne4 14.
Qf4 Nxf2 15. Ng5 f6 16. Bh5+ Ke7 17. Qxf2 fxg5 18. Bxg5+ Nf6 19. Bg6 Qa5 20.
Bxf6+ gxf6 21. Rdf1 Qg5+ 22. Qf4 Qxg6 23. Rh6 Qg5 24. Rxf6 Qxf4+ 25. R6xf4 Bd7
26. Rf7+ Kd6 27. Rh1 Rag8 28. Rh3 h5 29. c4 Rg4 30. Rf4 Rxf4 31. gxf4 c5 32.
dxc5+ Kxc5 33. b3 Rh7 34. g4 e5 35. f5 Be8 36. g5 h4 37. Kd2 Rh5 38. Ke3 Rxg5
39. Ke4 Kd6 40. Rxh4 Bc6+ 41. Kd3 Rxf5 42. Rh6+ Kc5 0-1

[Event "Klubbmesterskapet 2015 (A)"]
[Site "Ås, Akershus NOR"]
[Date "2015.03.05"]
[Round "6"]
[White "Holm, Bjarne"]
[Black "Støle, Andreas"]
[Result "0-1"]
[WhiteElo "1547"]
[BlackElo "1498"]
[PlyCount "46"]
[EventDate "2015.01.15"]

1. e4 c5 2. Nf3 g6 3. d4 cxd4 4. Nxd4 Bg7 5. Nc3 Nc6 6. Be3 Nf6 7. Be2 O-O 8.
f4 Qb6 9. Nxc6 Qxe3 10. Nxe7+ Kh8 11. Qd2 Qb6 12. Rb1 Re8 13. Ned5 Nxd5 14.
Nxd5 Qd8 15. Bf3 f5 16. Qd3 Qa5+ 17. c3 d6 18. b4 Qxa2 19. O-O fxe4 20. Bxe4
Rxe4 21. Qxe4 Bf5 22. Qe1 Bxb1 23. Rf2 Qxd5 0-1

[Event "Klubbmesterskapet 2015 (A)"]
[Site "Ås, Akershus NOR"]
[Date "2015.03.05"]
[Round "6"]
[White "Brenden, Torbjørn"]
[Black "Lange, Holger"]
[Result "1/2-1/2"]
[WhiteElo "1413"]
[BlackElo "1587"]
[PlyCount "58"]
[EventDate "2015.01.15"]

1. d4 Nf6 2. Nf3 b6 3. g3 Bb7 4. Bg2 e6 5. O-O Be7 6. b3 O-O 7. Bb2 d6 8. Nbd2
Nbd7 9. c4 c5 10. Re1 cxd4 11. Bxd4 Nc5 12. Rc1 Qc7 13. Qc2 Nce4 14. Nh4 Nxd2
15. Bxb7 Qxb7 16. Qxd2 Ne4 17. Qd3 Nc5 18. Qf3 Qxf3 19. Nxf3 Rfd8 20. Ba1 Rac8
21. Red1 Ne4 22. Bb2 Rc7 23. Ne1 Bg5 24. e3 Rcd7 25. Nf3 Be7 26. h4 h6 27. Kg2
Nc5 28. Rd2 Ne4 29. Rdd1 Nc5 1/2-1/2

[Event "Klubbmesterskapet 2015 (A)"]
[Site "Ås, Akershus NOR"]
[Date "2015.03.05"]
[Round "6"]
[White "Lea, Per"]
[Black "Kielland-Lund, Jon"]
[Result "0-1"]
[WhiteElo "1598"]
[BlackElo "1547"]
[Annotator "Kielland-Lund,Jon"]
[PlyCount "98"]
[EventDate "2015.01.15"]

1. e4 c6 2. d4 d5 3. Nc3 dxe4 4. Nxe4 Bf5 5. Ng3 Bg6 6. h4 h6 7. Nf3 Nd7 8. h5
Bh7 9. Bd3 Bxd3 10. Qxd3 e6 11. Bf4 Qa5+ 12. Bd2 Bb4 {! Hittil hadde partiet
gått i kjente baner. Per og jeg spiller alltid denne varianten med Dc7 i
stedet for Lb4 som kom som en overraskelse. Derfor utropstegnet-} 13. c3 Be7
14. c4 Qc7 15. Ne4 Ngf6 16. O-O-O Rd8 {Eller b5 eller 0-0.} 17. g3 c5 {Critter
mener at b5 eller 0-0 gir fordel. Teksttrekket gir lik stilling.} 18. dxc5 {??
Lf4 holder balansen, teksttrekket er katastrofalt,} Nxc5 19. Nxf6+ Bxf6 20. Qe2
Nd3+ 21. Kb1 Nxb2 22. Bf4 Rxd1+ {!} 23. Rxd1 Nxd1 24. Qxd1 Qb6+ {Qxc4 er
raskere, men jeg likte ikke at hvit får inn Ld6 som ødelegger rokaden.} 25. Qb3
Qxb3+ 26. axb3 Kd7 27. Ne5+ Bxe5 28. Bxe5 f6 29. Bd4 b6 30. Kc2 e5 31. Be3 Ke6
32. f3 f5 33. Kc3 f4 34. gxf4 exf4 35. Bd4 Rg8 36. b4 g6 37. c5 bxc5 38. bxc5
a6 39. c6 {? Forkorter pinen} Kd6 40. hxg6 Rxg6 41. c7 Kxc7 42. Be5+ Kc6 43.
Bxf4 Rf6 44. Bd2 Rxf3+ 45. Kd4 h5 46. Ke4 Rf1 47. Ke3 h4 48. Ke2 Rf7 49. Be1
Re7+ {oppgitt} 0-1

[Event "Klubbmesterskapet 2015 (A)"]
[Site "Ås, Akershus NOR"]
[Date "2015.03.05"]
[Round "6"]
[White "Thowsen, Alf Geir"]
[Black "Moberg, Jan Rune"]
[Result "0-1"]
[WhiteElo "1224"]
[BlackElo "1516"]
[PlyCount "52"]
[EventDate "2015.01.15"]

1. d4 d6 2. Nf3 Nd7 3. e3 e5 4. Nc3 c6 5. dxe5 dxe5 6. Bc4 Be7 7. O-O Ngf6 8.
e4 O-O 9. Bg5 Qc7 10. Qe2 b5 11. Bd3 (11. Bb3 a6 12. a3 Nc5 13. Rad1 Ne6 14.
Be3 h6) 11... a6 12. a3 Nc5 13. Rad1 Ne6 14. Be3 h6 15. b4 a5 16. Rb1 axb4 17.
axb4 Nh5 18. Nd1 Nhf4 19. Qd2 Rd8 20. Bxf4 Nxf4 21. Qc3 Rxd3 22. Qxe5 Qxe5 23.
Nxe5 Rd6 24. Nf3 Bg4 25. e5 Rg6 26. Ne3 Bxf3 0-1